Decades - Music - Statistics

General Stats
  • This quiz has been taken 83 times
  • The average score is 12 of 16
Answer Stats
Picture Answer % Correct
2010s
88%
70s
86%
80s
86%
60s
82%
90s
82%
50s
78%
60s
78%
70s
78%
2020s
77%
80s
77%
50s
74%
2000s
73%
90s
71%
2010s
70%
2020s
70%
2000s
63%
No matching quizzes found
Score Distribution
Percent of People with Each Score
Percentile by Number Answered
Your Score History
You have not taken this quiz